| 000 | 01738nam0a2200361 4500 | ||
|---|---|---|---|
| 001 | RU\NLR\bibl\1526598 | ||
| 005 | 20250616032509.0 | ||
| 010 |
_a978-5-7994-0364-5 _9300 |
||
| 021 |
_aRU _b2010-37639 _92524 |
||
| 035 | _a(NLR Aleph) 001517943 | ||
| 090 |
_a122032 _c122032 |
||
| 100 | _a20100622d2010 |||y0rusy50 ca | ||
| 101 | 0 | _arus | |
| 102 | _aRU | ||
| 105 | _aa ||||||||| | ||
| 200 | 1 |
_aЛесная геоботаника _eучебное пособие _fА.Г. Крылов _gФедерал. агентство по образованию, Гос. образоват. учреждение высш. проф. образования "Воронеж. гос. лесотехн. акад." |
|
| 210 |
_aВоронеж _cВоронежская государственная лесотехническая академия _d2010 |
||
| 215 |
_a278 с. _cил. _d22 |
||
| 300 | _aНа 4-й с. обл. авт.: А.Г. Крылов - д.б.н. | ||
| 320 | _aБиблиогр.: с. 255-265 (153 назв.) | ||
| 320 | _aУказ. лат. и рус. назв. сосудистых растений: с. 266275 | ||
| 320 | _aДр. произведения авт. на 4-й с. обл. | ||
| 606 | 1 |
_aЛесная геоботаника _jУчебные издания для высших учебных заведений _92600935 _3RU\NLR\auth\661537493 |
|
| 686 | _aП342.5я73 | ||
| 700 | 1 |
_4070 _7ca _8rus _aКрылов _bА. Г. _cд-р биол. наук _f1938-2016 _gАртур Георгиевич _9205686 _3RU\NLR\AUTH\770205738 |
|
| 801 | 0 |
_aRU _bNLR _c20100622 _gRCR |
|
| 801 | 1 |
_aRU _bNLR _c20100622 |
|
| 830 | _aавт. по кн. | ||
| 942 | _cBOOK | ||
| 980 | _aNB | ||
| 980 | _aNBR | ||